000 00614 a2200217 4500
041 _aEng.
082 _a150
_bD515i
100 _aDewey, Richard Sanford
100 _aHumber, W. J.
245 _aAn introduction to social psychology
260 _aNew York
_bMacmillan
_c1966
300 _axiii, 674p. illus.
500 _aFirst published in 1951 under title: The development of human behavior
504 _aIncludes bibliographies
650 _aSocial psychology
_9527
650 _aMinorities
_9622
650 _aPersonality
_9529
650 _aAdolescence
653 _aPsychology
942 _2ddc
_cGEN
999 _c56874
_d56868